|
|
|
|
| LEADER |
00608nab a2200169 i 4500 |
| 001 |
misc72494 |
| 005 |
20231031162437.0 |
| 008 |
231031s1982 hu o 000 eng d |
| 040 |
|
|
|a SZTE Miscellanea Repozitórium
|b hun
|
| 041 |
|
|
|a eng
|
| 100 |
1 |
|
|a Bendiner Elmer
|
| 245 |
1 |
0 |
|a Albert Szent-Györgyi
|h [elektronikus dokumentum] :
|b the art in being wrong /
|c Bendiner Elmer
|
| 260 |
|
|
|c 1982
|
| 300 |
|
|
|a 179-185., 188-189., 191-192.p.
|
| 490 |
0 |
|
|a Hospital Practice
|v 17 No. 5
|
| 561 |
|
|
|a Szent-Györgyi Albertről szóló irodalom
|
| 856 |
4 |
0 |
|u http://misc.bibl.u-szeged.hu/72494/1/szgya_1982_003.pdf
|z Dokumentum-elérés
|